000 00895nam a22002417a 4500
999 _c2812
_d2812
003 AR-CdUCM
008 190305b ||||| |||| 00| 0 pa d
020 _a958-04-2715-1
040 _aMUNICIPALIDAD PROVINCIAL DEL CUSCO
_cBIBLIOTECA MUNICIPAL DEL CUSCO
041 _heng
082 _a362 /
_bJ54
100 _aJennings, Chris
_99794
245 _aQue es el sida y como prevenirlo :
_bUn libro que todo el mundo debe leer /
260 _aColombia :
_bNorma,
_c1994.
300 _a81 paginas ;
_c21 cm.
505 _aUn virus : el invasor -- El ser humano el hospedante -- Tipos de infecciones producidas por el VIH (SIDA) -- Como se contrae y transmite el SIDA -- Como prevenir el SIDA...
650 _aVIH (SIDA)
_99795
650 _aFormas de contagio
_99796
650 _aPrevención
_99797
700 _aDe Hassan, Adriana (Traductor)
_99798
942 _2ddc
_cLIBROS
945 _awnts